Bibliotecología en México y entorno mundial : compilación del 1er Congreso Nacional de Bibliotecarios, 20-22 de octubre de 2004, Taxco, Guerrero /

Con motivo del vigésimo quinto aniversario del Colegio Nacional de Bibliotecarios, se organizó el Congreso Nacional de Bibliotecarios: Bibliotecología en México y Entorno Mundial. Tuvo como objetivo analizar y presentar propuestas sobre los problemas que enfrenta el desarrollo de la profesión en Méx...

Celý popis

Uloženo v:
Podrobná bibliografie
Korporativní autor: Congreso Nacional de Bibliotecarios ( Taxco)
Další autoři: Verdugo Sánchez, José Alfredo (compilación) (compilación), Hernández Salazar, Patricia (compilación) (compilación)
Médium: Konferenční příspěvek Kniha
Jazyk:španělština
Vydáno: México : Colegio Nacional de Bibliotecarios : Library Outsourcing Service, 2006, c2006
Témata:
Tagy: Přidat tag
Žádné tagy, Buďte první, kdo vytvoří štítek k tomuto záznamu!

MARC

LEADER 00000nam^a2200000^a^4500
001 000187345
005 20250521000000.0
009 20260310102258.112
020 |a 970-9976-02-8 
037 |a Acervo ITESO - Biblioteca 
041 |a ESP 
082 |a 020. 972  |b CON 2004 
111 |a Congreso Nacional de Bibliotecarios (  |n 1º :  |d 2004 :  |c Taxco) 
245 1 0 |a Bibliotecología en México y entorno mundial :  |b compilación del 1er Congreso Nacional de Bibliotecarios, 20-22 de octubre de 2004, Taxco, Guerrero /  |c Comp. y presen. de J.A. Verdugo Sánchez, P. Hernández Salazar. 
264 4 |a México :  |b Colegio Nacional de Bibliotecarios :  |b Library Outsourcing Service,  |c 2006, c2006 
300 |a 232 p. 
336 |a texto  |b txt  |2 rdacontenido 
337 |a sin mediación  |b n  |2 rdamedio 
338 |a volumen  |b nc  |2 rdasoporte 
520 |a Con motivo del vigésimo quinto aniversario del Colegio Nacional de Bibliotecarios, se organizó el Congreso Nacional de Bibliotecarios: Bibliotecología en México y Entorno Mundial. Tuvo como objetivo analizar y presentar propuestas sobre los problemas que enfrenta el desarrollo de la profesión en México en el marco de los cambios científicos, tecnológicos y culturales en el ámbito internacional. 
649 |a XX 
650 |a Bibliotecas Universitarias 
650 |a Centros de Información 
650 |a Lectura -  |z México 
650 |a Política Cultural -  |z México 
650 |a Derecho de Autor -  |z México 
650 |a Derecho Patrimonial -  |z México 
650 |a Información -  |x Administración 
650 |a Publicaciones Electrónicas -  |z México 
650 |a Medios Impresos -  |z México 
650 |a Medios de Comunicación -  |z México 
650 |a Tecnologías de Comunicación e Información -  |z México 
650 |a Comunicación Masiva -  |z México -  |x Aspectos Jurídicos 
650 |a Servicios de Referencia -  |x Aspectos Económicos 
650 |a Servicios de Referencia -  |x Administración 
650 |a Grados Académicos -  |z México 
650 |a Titulación -  |z México 
650 |a Certificación Educativa -  |z México 
650 |a Calidad de la Educación -  |z México 
650 |a Diseño y Revisión Curricular 
650 |a Evaluación del Currículo 
650 |a Currículo 
650 |a Biblioteconomía -  |z México -  |x Estudio y Enseñanza 
650 |a Educación Superior -  |z México 
650 |a Biblioteconomía -  |x Aspectos Sociales y Culturales 
650 |a Biblioteconomía -  |x Historia -  |y Siglo XXI 
650 |a Biblioteconomía -  |z México -  |x Historia -  |y Siglo XXI 
650 |a Biblioteconomía -  |x Congresos 
700 |a Verdugo Sánchez, José Alfredo  |e (compilación) 
700 |a Hernández Salazar, Patricia  |e (compilación) 
910 |a Fondo General 
920 |a Impresos - Libros 
930 |a Obras de Referencia 
940 |a Biblioteconomía 
905 |a 102 
901 |a 0500129442  |b IT2  |c REF  |u 20250521 
902 |a https://opac.biblio.iteso.mx/vufind/Record/000187345